[Event "EU-ch Seniors 50 22nd"]
[Site "Acqui Terme"]
[Date "2023.05.31"]
[Round "6"]
[White "Verdier, Patrice"]
[Black "Sigfusson, Sigurdur Dadi"]
[Result "0-1"]
[WhiteElo "2014"]
[BlackElo "2279"]
[PlyCount "82"]
[EventDate "2023.05.26"]
[EventType "swiss"]
[EventRounds "9"]
[EventCountry "ITA"]
[SourceTitle "CBM 214 Extra"]
[Source "ChessBase"]
[SourceDate "2023.07.31"]
[SourceVersion "1"]
[SourceVersionDate "2023.07.31"]
[SourceQuality "1"]

1. d4 Nf6 2. Nf3 g6 3. b4 Bg7 4. Bb2 d5 5. e3 0-0 6. Nbd2 Nbd7 7. c4 c6 8. Be2 e6 9. 0-0 Ne4 10. Nxe4 dxe4 11. Nd2 f5 12. f3 exf3 13. Nxf3 a5 14. b5 cxb5 15. cxb5 Nb6 16. Nd2 Nd5 17. Nc4 b6 18. Bf3 Bb7 19. Qe2 Rf7 20. g3 Rc8 21. Rac1 Rfc7 22. a3 Qd7 23. e4 Rxc4 24. Rxc4 Rxc4 25. Qxc4 Ne3 26. Qd3 Nxf1 27. Kxf1 fxe4 28. Bxe4 Bxe4 29. Qxe4 Qxb5+ 30. Kg1 Qb3 31. Qa8+ Bf8 32. Qe4 b5 33. Bc1 Qd1+ 34. Kg2 Qxc1 35. Qxe6+ Kg7 36. Qd7+ Kh8 37. Qxb5 Qxa3 38. Qe5+ Bg7 39. Qe8+ Qf8 40. Qd7 Qa8+ 41. Kh3 a4 0-1

[Event "Reykjavik Haustmot-A"]
[Site "Reykjavik"]
[Date "2020.10.02"]
[Round "9"]
[White "Sigfusson, Sigurdur Dadi"]
[Black "Kjartansson, Gudmundur"]
[Result "1/2-1/2"]
[WhiteElo "2276"]
[BlackElo "2466"]
[PlyCount "166"]
[EventDate "2020.09.13"]
[EventType "tourn"]
[EventRounds "9"]
[EventCountry "ISL"]
[EventCategory "5"]
[SourceTitle "CBM 198 Extra"]
[Source "ChessBase"]
[SourceDate "2020.11.30"]
[SourceVersion "1"]
[SourceVersionDate "2020.11.30"]
[SourceQuality "1"]

1. e4 c5 2. Nf3 Nc6 3. d4 cxd4 4. Nxd4 Nf6 5. Nc3 d6 6. h3 g6 7. Be3 Bg7 8. Bc4 0-0 9. Bb3 Na5 10. 0-0 b6 11. Qd2 Bb7 12. f3 Qc8 13. Bh6 Bxh6 14. Qxh6 Nc4 15. Bxc4 Qxc4 16. Rad1 a6 17. Rf2 b5 18. Nce2 Ne8 19. Ng3 Ng7 20. f4 Qc7 21. Rd3 e5 22. Ngf5 Ne8 23. fxe5 dxe5 24. Ne6 fxe6 25. Ne7+ Qxe7 26. Rd7 Rxf2 27. Rxe7 Rf7 28. Rxe6 Nf6 29. Rxe5 Nxe4 30. Qe3 Nf6 31. Re7 Raf8 32. Rxf7 Rxf7 33. Qe6 Nd5 34. Qe8+ Kg7 35. Qe5+ Rf6 36. a4 bxa4 37. c4 Nf4 38. Qe7+ Rf7 39. Qe5+ Kh6 40. h4 Rf5 41. Qe3 Bxg2 42. Kh2 Kh5 43. Kg3 Bf1 44. c5 Bb5 45. Qf3+ Kh6 46. Qe3 Rf6 47. Kg4 Bd7+ 48. Kg3 Bc6 49. Kg4 Bb5 50. Kg3 Rf5 51. Kg4 Kg7 52. Qe7+ Kg8 53. Qd8+ Rf8 54. Qd6 Be2+ 55. Kg3 Nh5+ 56. Kh2 Rf2+ 57. Kg1 Rf1+ 58. Kh2 Rf2+ 59. Kg1 Rf1+ 60. Kh2 Bg4 61. c6 Bc8 62. Qd4 Rf4 63. Qd5+ Kg7 64. Qe5+ Kg8 65. Qd5+ Rf7 66. Qd8+ Rf8 67. Qd5+ Kg7 68. Qe5+ Nf6 69. Kg1 Bf5 70. c7 Kf7 71. Qc5 Rc8 72. Qc4+ Be6 73. Qxa6 Rxc7 74. Qxa4 Rc4 75. b4 Rxh4 76. Qa7+ Bd7 77. b5 Ke6 78. Qb6+ Kf7 79. Qa7 Rg4+ 80. Kf1 Rf4+ 81. Kg1 Rg4+ 82. Kf1 Rf4+ 83. Kg1 Rg4+ 1/2-1/2

[Event "Reykjavik Haustmot-A"]
[Site "Reykjavik"]
[Date "2020.09.13"]
[Round "1"]
[White "Gretarsson, Helgi Ass"]
[Black "Sigfusson, Sigurdur Dadi"]
[Result "1/2-1/2"]
[WhiteElo "2401"]
[BlackElo "2276"]
[PlyCount "31"]
[EventDate "2020.09.13"]
[EventType "tourn"]
[EventRounds "9"]
[EventCountry "ISL"]
[EventCategory "5"]
[SourceTitle "CBM 198 Extra"]
[Source "ChessBase"]
[SourceDate "2020.11.30"]
[SourceVersion "1"]
[SourceVersionDate "2020.11.30"]
[SourceQuality "1"]

1. d4 Nf6 2. c4 g6 3. Nc3 Bg7 4. e4 d6 5. f4 0-0 6. Nf3 c5 7. dxc5 Qa5 8. Bd3 Nfd7 9. cxd6 Bxc3+ 10. bxc3 Qxc3+ 11. Qd2 Qxa1 12. dxe7 Re8 13. e5 Nc6 14. 0-0 Nc5 15. Ba3 Nb3 16. Rxa1 1/2-1/2

[Event "ISL-chT1 1819"]
[Site "Reykjavik"]
[Date "2018.11.08"]
[Round "1.2"]
[White "Kjartansson, David"]
[Black "Sigfusson, Sigurdur Dadi"]
[Result "1-0"]
[WhiteElo "2396"]
[BlackElo "2252"]
[PlyCount "73"]
[EventDate "2018.11.08"]
[EventType "team-tourn"]
[EventRounds "9"]
[EventCountry "ISL"]
[SourceTitle "CBM 187 Extra"]
[Source "ChessBase"]
[SourceDate "2018.11.04"]
[SourceVersion "1"]
[SourceVersionDate "2018.11.04"]
[SourceQuality "1"]
[WhiteTeam "Skakdeild Fjolnis"]
[BlackTeam "Skakfelagidj Huginn II"]
[WhiteTeamCountry "ISL"]
[BlackTeamCountry "ISL"]

1. e4 e5 2. Nf3 Nc6 3. Bb5 a6 4. Ba4 Nf6 5. Qe2 b5 6. Bb3 Be7 7. 0-0 0-0 8. c3 d6 9. Rd1 Na5 10. Bc2 c5 11. d4 Qc7 12. d5 c4 13. Nbd2 Nb7 14. Nf1 Nc5 15. h3 Ne8 16. Ng3 g6 17. Bh6 Ng7 18. b3 cxb3 19. axb3 f6 20. Rdc1 Qb7 21. Nd2 Bd8 22. b4 Nd7 23. Nb3 Nb6 24. Na5 Qf7 25. f4 exf4 26. Bxf4 Bc7 27. Rf1 Qe8 28. Rf2 g5 29. Bd2 Bd7 30. Raf1 Qe5 31. Nh5 Nxh5 32. Qxh5 Nc4 33. Nxc4 bxc4 34. Be3 Qxc3 35. e5 f5 36. Qxg5+ Kh8 37. e6 1-0

[Event "ISL-chT 1718"]
[Site "Reykjavik"]
[Date "2017.10.21"]
[Round "3.2"]
[White "Sigfusson, Sigurdur Dadi"]
[Black "Kveinys, Aloyzas"]
[Result "0-1"]
[WhiteElo "2228"]
[BlackElo "2535"]
[PlyCount "74"]
[EventDate "2017.10.19"]
[EventType "team-tourn"]
[EventRounds "9"]
[EventCountry "ISL"]
[SourceTitle "CBM 181 Extra"]
[Source "ChessBase"]
[SourceDate "2017.12.12"]
[SourceVersion "1"]
[SourceVersionDate "2017.12.12"]
[SourceQuality "1"]
[WhiteTeam "Huginn II"]
[BlackTeam "Víkingaklubburinn"]
[WhiteTeamCountry "ISL"]
[BlackTeamCountry "ISL"]

1. e4 c5 2. Nf3 e6 3. d4 cxd4 4. Nxd4 a6 5. Bd3 Bc5 6. Nb3 Be7 7. 0-0 d6 8. Be3 Nf6 9. f4 Nbd7 10. Qf3 e5 11. f5 b5 12. a4 Bb7 13. axb5 axb5 14. Nc3 b4 15. Nd5 Nxd5 16. exd5 0-0 17. c4 bxc3 18. bxc3 Bg5 19. Bf2 Qc7 20. c4 Rfe8 21. Rxa8 Rxa8 22. h4 Bh6 23. Rb1 Nf6 24. Qh3 Ra2 25. Be3 Bxe3+ 26. Qxe3 h5 27. Be2 Bc8 28. Nc1 Rc2 29. Nb3 Bxf5 30. Rf1 Bg6 31. Kh1 Nxd5 32. cxd5 Rc3 33. Qg5 Rxb3 34. Bxh5 Bxh5 35. Qxh5 Qb7 36. Qf5 g6 37. Qf6 Qxd5 0-1

[Event "ISL-chT 1718"]
[Site "Reykjavik"]
[Date "2017.10.19"]
[Round "1.3"]
[White "Sigfusson, Sigurdur Dadi"]
[Black "Bergsson, Stefan"]
[Result "0-1"]
[WhiteElo "2228"]
[BlackElo "2077"]
[PlyCount "94"]
[EventDate "2017.10.19"]
[EventType "team-tourn"]
[EventRounds "9"]
[EventCountry "ISL"]
[SourceTitle "CBM 181 Extra"]
[Source "ChessBase"]
[SourceDate "2017.12.12"]
[SourceVersion "1"]
[SourceVersionDate "2017.12.12"]
[SourceQuality "1"]
[WhiteTeam "Huginn II"]
[BlackTeam "Akureyri II"]
[WhiteTeamCountry "ISL"]
[BlackTeamCountry "ISL"]

1. e4 e5 2. Nf3 Nc6 3. Bb5 f5 4. d3 fxe4 5. dxe4 Nf6 6. Qe2 Bb4+ 7. c3 Bc5 8. b4 Bb6 9. Bc4 d6 10. a4 a5 11. b5 Ne7 12. Ng5 Rf8 13. h3 Ng6 14. 0-0 Qe7 15. Be3 h6 16. Nf3 Nh5 17. Bxb6 Nhf4 18. Qe3 Qd7 19. Ne1 cxb6 20. Nd2 Nh4 21. Be2 Qe7 22. Nc4 Be6 23. Rd1 Qg5 24. Nxd6+ Ke7 25. Nf5+ Rxf5 26. exf5 Nhxg2 27. Nf3 Qxf5 28. Qxe5 Nxe2+ 29. Qxe2 Nf4 30. Qe5 Qg6+ 31. Ng5 Qxg5+ 32. Qxg5+ hxg5 33. Rfe1 Rc8 34. Re3 Rxc3 35. Kh2 Rxe3 36. fxe3 Nd5 37. Rd3 Kf6 38. e4 Ne7 39. Rd8 Nc8 40. Kg3 Ke5 41. h4 gxh4+ 42. Kxh4 Kxe4 43. Kg5 Ke5 44. Kg6 Nd6 45. Kxg7 Bb3 46. Kf8 Bxa4 47. Ke7 Nf5+ 0-1

[Event "ISL-chT 1617"]
[Site "Reykjavik"]
[Date "2016.09.29"]
[Round "1.5"]
[White "Viglundsson, Bjorgvin"]
[Black "Sigfusson, Sigurdur Dadi"]
[Result "1-0"]
[WhiteElo "2185"]
[BlackElo "2260"]
[PlyCount "87"]
[EventDate "2016.09.29"]
[EventType "team-tourn"]
[EventRounds "9"]
[EventCountry "ISL"]
[SourceTitle "EXT 2018"]
[Source "ChessBase"]
[SourceDate "2017.10.13"]
[SourceVersion "1"]
[SourceVersionDate "2017.10.13"]
[SourceQuality "1"]
[WhiteTeam "Reykjavik II"]
[BlackTeam "Huginn II"]
[WhiteTeamCountry "ISL"]
[BlackTeamCountry "ISL"]

1. d4 Nf6 2. c4 g6 3. Nc3 Bg7 4. Nf3 0-0 5. Bg5 c5 6. d5 d6 7. e4 a6 8. a4 h6 9. Bf4 Nbd7 10. Be2 Ng4 11. 0-0 f5 12. exf5 gxf5 13. Qd2 Kh7 14. h3 Nge5 15. Qc2 Nxf3+ 16. Bxf3 Ne5 17. Be2 Ng6 18. Bd2 Bd4 19. Kh1 Rf6 20. f4 Qf8 21. Bd3 Rf7 22. a5 Qg7 23. Rfe1 Nh4 24. Re2 Bd7 25. Be1 Bf6 26. Nd1 Kh8 27. g3 Ng6 28. Ne3 Rg8 29. Bxf5 Bxf5 30. Nxf5 Qh7 31. Kh2 h5 32. Bc3 Rgf8 33. Bxf6+ Rxf6 34. Nxe7 Ne5 35. Qxh7+ Kxh7 36. b3 Re8 37. Kg2 Nd3 38. Re4 Nb4 39. Re3 h4 40. f5 hxg3 41. Kxg3 Kg7 42. Kg4 Rf7 43. Kg5 Ref8 44. h4 1-0

[Event "Reykjavik op"]
[Site "Reykjavik"]
[Date "2016.03.15"]
[Round "9"]
[White "Thorhallsson, Simon"]
[Black "Sigfusson, Sigurdur Dadi"]
[Result "0-1"]
[WhiteElo "2092"]
[BlackElo "2299"]
[PlyCount "70"]
[EventDate "2016.03.08"]
[EventType "swiss"]
[EventRounds "10"]
[EventCountry "ISL"]
[SourceTitle "CBM 171 Extra"]
[Source "ChessBase"]
[SourceDate "2016.04.26"]
[SourceVersion "1"]
[SourceVersionDate "2016.04.26"]
[SourceQuality "1"]

1. d4 Nf6 2. c4 g6 3. Nc3 Bg7 4. e4 d6 5. Nf3 0-0 6. Be2 e5 7. 0-0 Nc6 8. d5 Ne7 9. Ne1 Ne8 10. Be3 f5 11. f3 f4 12. Bf2 g5 13. c5 Kh8 14. Rc1 Ng8 15. Nd3 h5 16. Nb5 a6 17. Na3 Nh6 18. Nc4 g4 19. cxd6 cxd6 20. Nb6 g3 21. Nxa8 gxf2+ 22. Nxf2 Bd7 23. Qb3 Qxa8 24. Qb6 Bf6 25. Nd3 Bd8 26. Qb4 Rg8 27. Kh1 Qa7 28. a4 Nf7 29. a5 Kh7 30. Qc3 Nc7 31. Rg1 Nb5 32. Qe1 Qe3 33. b4 Nd4 34. Bf1 Qxg1+ 35. Kxg1 Nxf3+ 0-1

[Event "Reykjavik op"]
[Site "Reykjavik"]
[Date "2016.03.09"]
[Round "2"]
[White "Sigfusson, Sigurdur Dadi"]
[Black "Skulason, Johann"]
[Result "1-0"]
[WhiteElo "2299"]
[BlackElo "1747"]
[PlyCount "57"]
[EventDate "2016.03.08"]
[EventType "swiss"]
[EventRounds "10"]
[EventCountry "ISL"]
[SourceTitle "CBM 171 Extra"]
[Source "ChessBase"]
[SourceDate "2016.04.26"]
[SourceVersion "1"]
[SourceVersionDate "2016.04.26"]
[SourceQuality "1"]

1. e4 c5 2. Nf3 Nc6 3. d4 cxd4 4. Nxd4 e5 5. Nb5 a6 6. Nd6+ Bxd6 7. Qxd6 Qf6 8. Qd1 Qg6 9. Be3 Qxe4 10. Nc3 Qb4 11. Qd2 Nge7 12. a3 Qa5 13. Bc4 0-0 14. 0-0 Kh8 15. b4 Qc7 16. Bc5 f6 17. Nd5 Nxd5 18. Bxf8 Nf4 19. Bd6 Qd8 20. c3 b6 21. g3 Nh3+ 22. Kg2 Ng5 23. Bd5 Bb7 24. f4 exf4 25. gxf4 Ne6 26. Rae1 Qc8 27. Kg1 g5 28. fxg5 Nxg5 29. Rxf6 1-0

[Event "ISL-chT 1516"]
[Site "Reykjavik"]
[Date "2016.03.04"]
[Round "7.5"]
[White "Sigfusson, Sigurdur Dadi"]
[Black "Sigurbjornsson, Sigurjon"]
[Result "1-0"]
[WhiteElo "2334"]
[BlackElo "2035"]
[PlyCount "95"]
[EventDate "2015.09.24"]
[EventType "team-tourn"]
[EventRounds "9"]
[EventCountry "ISL"]
[SourceTitle "EXT 2017"]
[Source "ChessBase"]
[SourceDate "2016.10.25"]
[SourceVersion "1"]
[SourceVersionDate "2016.10.25"]
[SourceQuality "1"]
[WhiteTeam "Huginn"]
[BlackTeam "Akureyri II"]
[WhiteTeamCountry "ISL"]
[BlackTeamCountry "ISL"]

1. e4 e5 2. Nf3 Nc6 3. Bb5 a6 4. Ba4 Nf6 5. 0-0 b5 6. Bb3 Be7 7. Re1 0-0 8. h3 d6 9. c3 Na5 10. Bc2 c5 11. d4 cxd4 12. cxd4 Qc7 13. Nbd2 Bd7 14. Nf1 Rac8 15. Bb1 Rfe8 16. d5 g6 17. Ng3 Kg7 18. Bd3 Nb7 19. b4 a5 20. a3 axb4 21. axb4 Ra8 22. Bb2 Ra4 23. Qb3 Rea8 24. Rac1 Qb6 25. Rc2 Rc8 26. Rxc8 Bxc8 27. Qc3 Bd7 28. Rc1 Ne8 29. Qd2 f6 30. Nh4 Nd8 31. Kh2 Nf7 32. Bc2 Ra8 33. Rf1 Kf8 34. Nf3 Qc7 35. Rc1 Qb6 36. Ne1 Kg7 37. Nd3 Kg8 38. Bb3 Kf8 39. f4 Qb8 40. fxe5 fxe5 41. Rf1 Kg7 42. Rxf7+ Kxf7 43. Nxe5+ Kg8 44. Nxd7 Qd8 45. Nc5 Bg5 46. Qf2 dxc5 47. bxc5 Bf6 48. d6+ 1-0

[Event "ISL-chT 1516"]
[Site "Reykjavik"]
[Date "2015.09.27"]
[Round "5.2"]
[White "Sigfusson, Sigurdur Dadi"]
[Black "Olafsson, Thorvadur F"]
[Result "1-0"]
[WhiteElo "2334"]
[BlackElo "2204"]
[PlyCount "87"]
[EventDate "2015.09.24"]
[EventType "team-tourn"]
[EventRounds "9"]
[EventCountry "ISL"]
[SourceTitle "EXT 2017"]
[Source "ChessBase"]
[SourceDate "2016.10.25"]
[SourceVersion "1"]
[SourceVersionDate "2016.10.25"]
[SourceQuality "1"]
[WhiteTeam "Huginn II"]
[BlackTeam "Reykjavik II"]
[WhiteTeamCountry "ISL"]
[BlackTeamCountry "ISL"]

1. e4 e5 2. Nf3 Nc6 3. Bb5 Bb4 4. 0-0 Nge7 5. a3 Ba5 6. b4 Bb6 7. Bb2 d6 8. d4 exd4 9. Nxd4 0-0 10. Bxc6 bxc6 11. c4 a5 12. Nd2 axb4 13. axb4 Rxa1 14. Qxa1 Bxd4 15. Bxd4 f6 16. Qc3 Be6 17. f4 Qd7 18. Nb3 Bf7 19. f5 Nc8 20. Rf3 Qe7 21. Rg3 Kh8 22. Re3 Bg8 23. Re1 Qf7 24. Na5 Ne7 25. g4 d5 26. cxd5 cxd5 27. e5 fxe5 28. Bxe5 Ng6 29. Bd4 Ne7 30. Qxc7 Re8 31. Qe5 h6 32. Bc5 d4 33. Bxd4 Rd8 34. Qxg7+ Qxg7 35. Bxg7+ Kxg7 36. Rxe7+ Kf6 37. Re4 Rd1+ 38. Kf2 Rd2+ 39. Kg3 Bd5 40. Re8 Rg2+ 41. Kf4 Rxh2 42. Rf8+ Ke7 43. Rh8 Kf6 44. Rxh6+ 1-0

[Event "ISL-chT 1516"]
[Site "Reykjavik"]
[Date "2015.09.26"]
[Round "4.4"]
[White "Gunnarsson, Jon Viktor"]
[Black "Sigfusson, Sigurdur Dadi"]
[Result "1-0"]
[WhiteElo "2458"]
[BlackElo "2334"]
[PlyCount "43"]
[EventDate "2015.09.24"]
[EventType "team-tourn"]
[EventRounds "9"]
[EventCountry "ISL"]
[SourceTitle "EXT 2017"]
[Source "ChessBase"]
[SourceDate "2016.10.25"]
[SourceVersion "1"]
[SourceVersionDate "2016.10.25"]
[SourceQuality "1"]
[WhiteTeam "Reykjavik"]
[BlackTeam "Huginn II"]
[WhiteTeamCountry "ISL"]
[BlackTeamCountry "ISL"]

1. e4 e5 2. Nf3 Nc6 3. Bc4 Nf6 4. d4 exd4 5. e5 d5 6. Bb5 Ne4 7. Nxd4 Bd7 8. Bxc6 bxc6 9. 0-0 Bc5 10. Be3 Qe7 11. f3 Ng5 12. f4 Ne4 13. Nd2 0-0 14. Nxe4 dxe4 15. Qe2 Kh8 16. Nb3 Bxe3+ 17. Qxe3 f5 18. Rad1 Be6 19. Qc5 Qe8 20. Nd4 Bd7 21. Rd2 Qg6 22. Rfd1 1-0

[Event "ISL-ch"]
[Site "Reykjavik"]
[Date "2015.05.24"]
[Round "11"]
[White "Thorfinnsson, Bjorn"]
[Black "Sigfusson, Sigurdur Dadi"]
[Result "0-1"]
[WhiteElo "2407"]
[BlackElo "2319"]
[PlyCount "78"]
[EventDate "2015.05.14"]
[EventType "tourn"]
[EventRounds "11"]
[EventCountry "ISL"]
[EventCategory "9"]
[SourceTitle "CBM 166 Extra"]
[Source "ChessBase"]
[SourceDate "2015.06.18"]
[SourceVersion "1"]
[SourceVersionDate "2015.06.18"]
[SourceQuality "1"]

1. c4 Nf6 2. g3 c6 3. Bg2 d5 4. Nf3 e6 5. 0-0 Nbd7 6. b3 Be7 7. Bb2 0-0 8. d3 b5 9. e4 dxe4 10. dxe4 bxc4 11. e5 Nd5 12. bxc4 N5b6 13. Qc2 Qc7 14. Nbd2 a5 15. Rfd1 Ba6 16. Bf1 Nc5 17. Ba3 Nba4 18. Nb3 h6 19. Rd6 Bxd6 20. exd6 Qxd6 21. Qe2 Rfb8 22. Rd1 Nc3 23. Rxd6 Nxe2+ 24. Bxe2 Nxb3 25. Ne5 Na1 26. Rd2 Rd8 27. Bd6 Rab8 28. Rd1 Rb2 29. Bh5 g6 30. Bf3 Nc2 31. Nxc6 Bb7 32. c5 Bxc6 33. Bxc6 Nb4 34. Be4 f5 35. Bf3 Rxa2 36. Rc1 Nd3 37. Rb1 Rc2 38. Be7 Re8 39. Bf6 Rxc5 0-1

[Event "ISL-ch"]
[Site "Reykjavik"]
[Date "2015.05.21"]
[Round "8"]
[White "Sigfusson, Sigurdur Dadi"]
[Black "Ptacnikova, Lenka"]
[Result "0-1"]
[WhiteElo "2319"]
[BlackElo "2284"]
[PlyCount "132"]
[EventDate "2015.05.14"]
[EventType "tourn"]
[EventRounds "11"]
[EventCountry "ISL"]
[EventCategory "9"]
[SourceTitle "CBM 166 Extra"]
[Source "ChessBase"]
[SourceDate "2015.06.18"]
[SourceVersion "1"]
[SourceVersionDate "2015.06.18"]
[SourceQuality "1"]

1. e4 d6 2. d4 Nf6 3. Nc3 e5 4. dxe5 dxe5 5. Qxd8+ Kxd8 6. Bc4 Be6 7. Bxe6 fxe6 8. Bg5 Bd6 9. 0-0-0 Ke7 10. Nge2 a6 11. h3 b5 12. f3 Nbd7 13. Rhf1 Nc5 14. Rde1 Rhb8 15. Ng3 h6 16. Be3 a5 17. Nge2 a4 18. f4 Ncd7 19. Ng3 exf4 20. Bxf4 Bxf4+ 21. Rxf4 Ne5 22. Re3 c6 23. Rf1 Rf8 24. Rd1 Nfd7 25. Re2 Rf7 26. Red2 Nb6 27. Re2 Raf8 28. a3 Nbc4 29. Nb1 g6 30. b3 Nb6 31. Kb2 h5 32. Nd2 h4 33. Nh1 g5 34. Ree1 axb3 35. Kxb3 Ra8 36. Rf1 Rxf1 37. Rxf1 Nbc4 38. Nb1 Ra4 39. Re1 Na5+ 40. Kc3 Nec4 41. e5 c5 42. Nf2 Nxa3 43. Nd2 N3c4 44. Nb3 Ra3 45. Ne4 b4+ 46. Kd3 Nxe5+ 47. Ke2 Nxb3 48. cxb3 Rxb3 49. Nxc5 Rc3 50. Na4 Rg3 51. Nc5 Ng6 52. Kf1 Nf4 53. Rb1 Nxg2 54. Rxb4 Nf4 55. Rb7+ Kf8 56. Ne4 Rf3+ 57. Kg1 Nxh3+ 58. Kh2 g4 59. Rh7 Re3 60. Nf6 Re2+ 61. Kh1 g3 62. Rh8+ Ke7 63. Rh7+ Kd8 64. Rh8+ Kc7 65. Nd5+ Kd6 66. Rd8+ Ke5 0-1

[Event "ISL-ch"]
[Site "Reykjavik"]
[Date "2015.05.20"]
[Round "7"]
[White "Hjartarson, Johann"]
[Black "Sigfusson, Sigurdur Dadi"]
[Result "0-1"]
[WhiteElo "2566"]
[BlackElo "2319"]
[PlyCount "44"]
[EventDate "2015.05.14"]
[EventType "tourn"]
[EventRounds "11"]
[EventCountry "ISL"]
[EventCategory "9"]
[SourceTitle "CBM 166 Extra"]
[Source "ChessBase"]
[SourceDate "2015.06.18"]
[SourceVersion "1"]
[SourceVersionDate "2015.06.18"]
[SourceQuality "1"]

1. c4 Nf6 2. Nc3 g6 3. e4 d6 4. d4 Bg7 5. Nf3 0-0 6. Be2 e5 7. 0-0 Nc6 8. d5 Ne7 9. Qc2 Nh5 10. g3 f5 11. Ng5 Nf6 12. Rd1 fxe4 13. c5 Nf5 14. Ncxe4 Nd4 15. Qc4 Nxe4 16. Nxe4 b5 17. cxb6 axb6 18. Rxd4 exd4 19. Qc2 Bb7 20. Ng5 Bxd5 21. Bg4 Qe7 22. Bd2 Rae8 0-1